Qualitative and survey research methodologies : a practical guide for advanced social sciences students, research practitioners and management consultants/
Enregistré dans:
| Auteur principal: | |
|---|---|
| Format: | Livre |
| Publié: |
Mzumbe, Morogoro :
Mzumbe University
c2017
|
| Sujets: | |
| Tags: |
Ajouter un tag
Pas de tags, Soyez le premier à ajouter un tag!
|
MARC
| LEADER | 00000nam a2200000 4500 | ||
|---|---|---|---|
| 020 | |a 97899871405 |c TZs.10000/- | ||
| 040 | |a MUL |b eng. |e AACR | ||
| 082 | |a 300.72 RAS | ||
| 100 | |a Rasheli, Geraldine Arbogast | ||
| 245 | |a Qualitative and survey research methodologies : |b a practical guide for advanced social sciences students, research practitioners and management consultants/ |c Geraldine Arbogast Rasheli | ||
| 260 | |a Mzumbe, Morogoro : |b Mzumbe University |c c2017 | ||
| 300 | |a xiii,2020p.: |c 20cm | ||
| 504 | |a Includes bibliography | ||
| 546 | |a eng. | ||
| 650 | |a Research methods | ||
| 650 | |a Sampling theory | ||
| 942 | |c BK | ||
| 999 | |c 10786 |d 10786 | ||